Josef Hoffmann / Donald Judd Hypothese Múzeum Josefa Hoffmanna, Brtnice v Čechách. 3.6.-26.10.2008

Bibliographic Details
Main Author: Bahna, Ján Miloslav, 1944-2024 (Author)
Format: Article
Language:Slovak
PhysicalDescription:Fotogr.
ISSN:1336-0264
Subjects:

MARC

LEADER 00000nab a2200000 a 4500
001 vtls009337307
003 SK-MaSNL
005 20260304164839.0
008 250507c2008 xo mr|p|||||||000 b|slo
015 |a SNBRB2008/09  |2 snkbucl 
035 |a urn:nbn:sk:snk-ab833k 
035 |a (urnnbn)urn:nbn:sk:snk:ar-0066av 
035 |a (uuid)5015b5d7-e8ed-48ba-b855-c77c3000eb3f 
038 |a SNKBUCL 
040 |a SNKBUCL  |b slo  |c SNKBUCL  |e AACR2 
041 0 |a slo 
044 |a xo  |c SK 
080 |a 72.071.1:061.4  |2 2001 
100 1 |a Bahna, Ján Miloslav,  |d 1944-2024  |4 aut  |9 242903 
245 1 0 |a Josef Hoffmann / Donald Judd Hypothese  |b Múzeum Josefa Hoffmanna, Brtnice v Čechách. 3.6.-26.10.2008  |c J. Bahna 
300 |b Fotogr. 
600 1 7 |a Hoffmann, Josef,  |d 1870-1956  |2 snkbucl  |9 180114 
600 1 7 |a Judd, Donald  |x výstavy  |2 snkbucl  |9 1494270 
610 2 7 |a Múzeum Josefa Hoffmanna (Brtnice, Česko)  |x výstavy  |2 snkbucl  |9 1490091 
648 7 |a 2008  |2 snkbucl  |9 317238 
773 0 |t Fórum architektúry  |g Roč. XVIII, č. 7-8 (2008), s. 19  |x 1336-0264 
850 |a Slovenská národná knižnica 
852 |a Slovenská národná knižnica 
954 |a odborná, vedecká literatúra pôvodná (slovenská)  |2 lita 
958 |a article9 
958 |a OND 
958 |a CZ 
958 |a EUIPO 
999 |c 2981821  |d 2983751